Diversity & Inclusion Management in der Immobilienbranche (Record no. 121777)
[ view plain ]
| 000 -LEADER | |
|---|---|
| fixed length control field | 01137nam a22002417a 4500 |
| 008 - FIXED-LENGTH DATA ELEMENTS--GENERAL INFORMATION | |
| fixed length control field | 240125t2017 gw |||||r|||| 00| 0 ger d |
| 020 ## - INTERNATIONAL STANDARD BOOK NUMBER | |
| ISBN | 9783658187170 |
| 041 ## - LANGUAGE CODE | |
| Language code of text/sound track or separate title | ger |
| 100 ## - MAIN ENTRY--PERSONAL NAME | |
| Personal author | Clack, Amanda |
| 110 ## - MAIN ENTRY--CORPORATE NAME | |
| Corporate author | Royal Institution of Chartered Surveyors |
| 245 ## - TITLE STATEMENT | |
| Title | Diversity & Inclusion Management in der Immobilienbranche |
| Subtitle | : ein Praxisguide |
| 260 ## - PUBLICATION INFORMATION | |
| Place of publication | Weisbaden, |
| Publisher | Springer Gabler, |
| Date | 2017 |
| 300 ## - PHYSICAL DESCRIPTION | |
| Physical description | 151p. |
| 500 ## - GENERAL NOTE | |
| General note | Co-published with RICS |
| 520 ## - ABSTRACT | |
| Abstract | Das Werk erläutert das Konzept des Diversity & Inclusion Managements (D&I), aktuelle Entwicklungen und Trends und zeigt, wie dieses Konzept gezielt in der Immobilienbranche umgesetzt werden kann. Contents: Einführung.- Die Bedeutung von D&I in der Immobilienwirtschaft.- Betrachtung der Grundlagen.- Eine Branche im Umbruch.- Die Prinzipien der Schaffung eines inklusiven Arbeitsplatzes.- Vorgehensweise zur erfolgreichen Umsetzung einer D&I |
| 650 ## - KEYWORDS | |
| Keywords | DIVERSITY |
| 651 ## - SUBJECT ADDED ENTRY--GEOGRAPHIC NAME | |
| Geographic name | Germany |
| 700 ## - ADDED PERSONAL NAME | |
| Added personal author | Clack, Amanda |
| 700 ## - ADDED PERSONAL NAME | |
| Added personal author | Gabler, Judith |
| 700 ## - ADDED PERSONAL NAME | |
| Added personal author | Vermeulen, Maarten |
| 710 ## - ADDED CORPORATE NAME | |
| Added corporate author | Royal Institution of Chartered Surveyors |
| 942 ## - ADDED ENTRY ELEMENTS (KOHA) | |
| Suppress in OPAC | Do not suppress in OPAC |
| Lost status | Source of classification or shelving scheme | Damaged status | Not for loan | Current library | Shelving location | Date acquired | Total Checkouts | Full call number | Date last seen | Price effective from | Koha item type |
|---|---|---|---|---|---|---|---|---|---|---|---|
| Dewey Decimal Classification | London | Books | 25/01/2024 | 333.5068 | 25/01/2024 | 25/01/2024 | Book |